| 000 | 00938nam a2200289 a 4500 | ||
|---|---|---|---|
| 001 | 63894 | ||
| 003 | BD-RjUL | ||
| 005 | 20211209081241.0 | ||
| 008 | 040217s1947 enk 001 0 eng | ||
| 035 | _a(BD-RjUL)64024 | ||
| 035 | _a(OCoLC)1326110 | ||
| 040 |
_aDLC _cNhU _dBD-RjUL _beng |
||
| 041 | _aeng | ||
| 082 |
_223 _a942 _bHAH 1947 |
||
| 100 | 1 |
_aHamilton, Henry, _d1896-1964. _9189726 |
|
| 245 | 1 | 0 |
_aHistory of the homeland : _bthe story of the British background / _cHenry Hamilton |
| 260 |
_aLondon : _bG.Allen and Unwin, _c1947. |
||
| 300 |
_a597 p. : _bill. ; _c23cm. |
||
| 490 |
_aPrimers for the age of plenty, _v4. |
||
| 500 | _aIncludes index | ||
| 651 | 0 |
_aGreat Britain _xHistory. _9189727 |
|
| 651 | 0 |
_aGreat Britain _xSocial conditions. _9173445 |
|
| 651 | 0 |
_aGreat Britain _xEconomic conditions. _9172667 |
|
| 830 |
_aPrimers for the age of plenty, _v4. _9189735 |
||
| 942 |
_2ddc _cBK |
||
| 999 |
_c63894 _d63894 |
||